Innovar en Chile. Programa de desarrollo e innovación tecnológica 2001-2006
Guardado en:
| Autor principal: | |
|---|---|
| Formato: | Libro |
| Lenguaje: | español |
| Publicado: |
Santiago
Ministerio de Economía
2005
|
| Edición: | 1a. ed |
| Materias: | |
| Etiquetas: |
Agregar Etiqueta
Sin Etiquetas, Sea el primero en etiquetar este registro!
|
MARC
| LEADER | 00000cam a2200000 a 4500 | ||
|---|---|---|---|
| 001 | UCK8000 | ||
| 003 | CL-VaPUC | ||
| 008 | 060105e20050000CL |||||||||||||||||spa|d | ||
| 020 | |a 9567725039 | ||
| 082 | 0 | 4 | |a 338.16 |b ALV |2 21 |
| 100 | 0 | |a Alvarez, Pablo |e author |9 473350 | |
| 245 | 1 | 0 | |a Innovar en Chile. Programa de desarrollo e innovación tecnológica 2001-2006 |
| 250 | |a 1a. ed | ||
| 300 | |a 120 p | ||
| 942 | |c BK | ||
| 945 | |d 20060105 00:00:00 |a jtorresc | ||
| 260 | |a Santiago |b Ministerio de Economía |c 2005 | ||
| 650 | 7 | |a INNOVACIONES TECNOLOGICAS |2 CL-VaPUC |9 497752 | |
| 650 | 0 | |a Calidad total |9 259929 | |
| 650 | 0 | |a Tecnología de la información |9 254825 | |
| 651 | 7 | |a CHILE |2 CL-VaPUC |9 497753 | |
| 583 | |a last modification |c 20170228 11:56:14 |k Rodrigo Vera | ||
| 999 | |c 315837 |d 315835 | ||
| 952 | |0 0 |1 0 |4 0 |6 338_160000000000000_ALV_2005 |7 0 |8 A |9 389630 |a BIBAGR |b BIBAGR |d 2019-11-22 |i 4198158 |o 338.16 ALV 2005 |p 4198158 |r 2025-01-20 |w 2019-11-22 |y BK |k AGR | ||
| 952 | |0 0 |1 0 |4 0 |6 338_160000000000000_ALV_2005 |7 0 |8 A |9 389631 |a BIBEDU |b BIBEDU |d 2019-11-22 |i 4563948 |o 338.16 ALV 2005 |p 4563948 |r 2019-11-22 |w 2019-11-22 |y BK |k BME | ||
| 952 | |0 0 |1 0 |3 erb |4 0 |6 338_160000000000000_ALV_2005 |7 0 |8 A |9 389632 |a BIBENE |b BIBENE |i 5329469 |o 338.16 ALV 2005 |p 5329469 |r 2025-01-15 |w 2019-11-22 |y BK |z Catalogado en:20170303 |k ICO | ||